[Event "GER-ch U10"]
[Site "Willingen"]
[Date "2009.06.06"]
[Round "11"]
[White "Walker, Julia"]
[Black "Pohl, Jannik"]
[Result "0-1"]
[WhiteElo "1066"]
[BlackElo "883"]
[PlyCount "75"]
[EventDate "2009.05.30"]
[EventType "swiss"]
[EventRounds "11"]
[EventCountry "GER"]
[SourceTitle "EXT 2010"]
[Source "ChessBase"]
[SourceDate "2010.11.25"]
[SourceVersion "1"]
[SourceVersionDate "2010.11.25"]
[SourceQuality "1"]

1. e4 e5 2. Nf3 Nc6 3. Bc4 Bc5 4. Nc3 Nf6 5. d3 h6 6. Be3 Bxe3 7. fxe3 d6 8. 0-0 0-0 9. Qd2 Be6 10. Nd5 Bxd5 11. Bxd5 Re8 12. h3 Qd7 13. c4 Rad8 14. b4 a6 15. a4 Rc8 16. b5 axb5 17. cxb5 Ne7 18. Bc4 d5 19. exd5 Nexd5 20. e4 Ne7 21. Nxe5 Qd4+ 22. Qf2 Qxe5 23. a5 Ra8 24. a6 Red8 25. a7 b6 26. Qa2 Rf8 27. Qf2 Nc8 28. Ra3 Rxa7 29. Rxa7 Nxa7 30. Rb1 Nc8 31. Ra1 Qxa1+ 32. Kh2 Nd6 33. Bb3 Nxb5 34. Bc4 Qe5+ 35. Kg1 Nd4 36. Ba2 c5 37. Bc4 b5 38. Ba2 0-1

[Event "GER-ch U10"]
[Site "Willingen"]
[Date "2009.06.04"]
[Round "8"]
[White "Pohl, Jannik"]
[Black "Weis, Olga"]
[Result "0-1"]
[WhiteElo "883"]
[BlackElo "1222"]
[PlyCount "36"]
[EventDate "2009.05.30"]
[EventType "swiss"]
[EventRounds "11"]
[EventCountry "GER"]
[SourceTitle "EXT 2010"]
[Source "ChessBase"]
[SourceDate "2010.11.25"]
[SourceVersion "1"]
[SourceVersionDate "2010.11.25"]
[SourceQuality "1"]

1. d4 d5 2. Nc3 c5 3. e3 Nc6 4. Bb5 Bd7 5. Nf3 Bg4 6. h3 Bh5 7. Bd2 Nf6 8. a3 e6 9. 0-0 Bd6 10. Re1 0-0 11. e4 dxe4 12. dxc5 exf3 13. cxd6 fxg2 14. Be2 Bxe2 15. Qxe2 Qxd6 16. Kxg2 Nd4 17. Qd1 Qc6+ 18. Kf1 Qh1# 0-1

[Event "GER-ch U10"]
[Site "Willingen"]
[Date "2009.05.31"]
[Round "2"]
[White "Sieber, Fiona"]
[Black "Pohl, Jannik"]
[Result "1/2-1/2"]
[WhiteElo "1082"]
[BlackElo "883"]
[PlyCount "76"]
[EventDate "2009.05.30"]
[EventType "swiss"]
[EventRounds "11"]
[EventCountry "GER"]
[SourceTitle "EXT 2010"]
[Source "ChessBase"]
[SourceDate "2010.11.25"]
[SourceVersion "1"]
[SourceVersionDate "2010.11.25"]
[SourceQuality "1"]

1. e4 e5 2. Nf3 Nc6 3. Bc4 Bc5 4. Nc3 Nf6 5. d3 d6 6. Bg5 Bg4 7. Nd5 Bxf3 8. Qxf3 Nd4 9. Qd1 h6 10. Nxf6+ gxf6 11. Bh4 Qe7 12. Qd2 0-0-0 13. c3 Nc6 14. 0-0-0 Rhg8 15. Rhg1 Na5 16. Bb5 a6 17. Ba4 Ba7 18. Qxh6 Rg6 19. Qd2 Qe6 20. b4 b5 21. Bb3 Qxb3 22. axb3 Nxb3+ 23. Kb2 Nxd2 24. Rxd2 d5 25. Kc2 dxe4 26. dxe4 Rxd2+ 27. Kxd2 Kd8 28. g3 Bxf2 29. Rf1 Bb6 30. Rxf6 Ke8 31. Rxg6 fxg6 32. Bf6 Kf7 33. Bxe5 Ke6 34. Bd4 a5 35. Bxb6 cxb6 36. Kd3 a4 37. Kc2 Ke5 38. h4 Kxe4 1/2-1/2

[Event "Kiel Cup U18"]
[Site "Kiel"]
[Date "2008.10.16"]
[Round "1.13"]
[White "Dieball, Cai"]
[Black "Pohl, Jannik"]
[Result "1-0"]
[WhiteElo "1308"]
[BlackElo "766"]
[PlyCount "73"]
[EventDate "2008.10.16"]
[EventType "team-swiss"]
[EventRounds "7"]
[EventCountry "GER"]
[SourceTitle "EXT 2011"]
[Source "ChessBase"]
[SourceDate "2010.11.26"]
[SourceVersion "1"]
[SourceVersionDate "2010.11.26"]
[SourceQuality "1"]

1. d4 d5 2. Nf3 Nc6 3. Bf4 Bf5 4. e3 Nf6 5. c4 e6 6. a3 Bd6 7. Bg5 h6 8. Bxf6 Qxf6 9. cxd5 exd5 10. Qb3 0-0-0 11. Bb5 Qg6 12. Nh4 Qf6 13. Nxf5 Qxf5 14. Bxc6 bxc6 15. 0-0 Rhe8 16. Rc1 Qd7 17. Nd2 Qe6 18. Qa4 Kd7 19. Qxc6+ Ke7 20. Qc2 Rc8 21. b4 c6 22. Re1 Kf8 23. Nb3 Re7 24. Qh7 f6 25. Nc5 Bxc5 26. bxc5 Kf7 27. Qd3 Rb8 28. Rab1 Reb7 29. Rxb7+ Rxb7 30. Rb1 Qd7 31. Rb3 Rxb3 32. Qxb3 Qe6 33. Qb7+ Qe7 34. Qxc6 Qe4 35. Qb7+ Kg6 36. h3 a5 37. Qb5 1-0